Project management handbook for engineers, construction professionals and business managers (Record no. 5604)
[ view plain ]
| 000 -LEADER | |
|---|---|
| fixed length control field | 00429nam a2200133Ia 4500 |
| 008 - FIXED-LENGTH DATA ELEMENTS--GENERAL INFORMATION | |
| fixed length control field | 150201s2012 xx 000 0 und d |
| 082 ## - DEWEY DECIMAL CLASSIFICATION NUMBER | |
| Classification number | 658.404 |
| Item number | KOH |
| 100 ## - MAIN ENTRY--PERSONAL NAME | |
| Personal name | Kohli, Uddesh |
| 245 ## - TITLE STATEMENT | |
| Title | Project management handbook for engineers, construction professionals and business managers |
| 260 ## - PUBLICATION, DISTRIBUTION, ETC. (IMPRINT) | |
| Name of publisher, distributor, etc. | Tata McGraw Hill Education Private Limited |
| Place of publication, distribution, etc. | New Delhi |
| Date of publication, distribution, etc. | 2012 |
| 300 ## - PHYSICAL DESCRIPTION | |
| Extent | 518p. |
| 700 ## - ADDED ENTRY--PERSONAL NAME | |
| Personal name | Chitkara, K. K |
| 942 ## - ADDED ENTRY ELEMENTS (KOHA) | |
| Source of classification or shelving scheme | Dewey Decimal Classification |
| Koha item type | Books |
| Koha issues (borrowed), all copies | 6 |
| Withdrawn status | Lost status | Source of classification or shelving scheme | Damaged status | Not for loan | Home library | Current library | Date acquired | SGTU | Total Checkouts | Full call number | Barcode | Date last seen | Bill Date | Koha item type | Date last checked out |
|---|---|---|---|---|---|---|---|---|---|---|---|---|---|---|---|
| Dewey Decimal Classification | SGT Engineering Library | SGT Engineering Library | 31/05/2013 | SGTU | 658.404 KOH | FE6094 | 09/02/2015 | 09/02/2015 | Books | ||||||
| Dewey Decimal Classification | SGT Engineering Library | SGT Engineering Library | 31/05/2013 | SGTU | 658.404 KOH | FE6095 | 09/02/2015 | 09/02/2015 | Books | ||||||
| Dewey Decimal Classification | SGT Engineering Library | SGT Engineering Library | 31/05/2013 | SGTU | 658.404 KOH | FE6096 | 09/02/2015 | 09/02/2015 | Books | ||||||
| Dewey Decimal Classification | SGT Engineering Library | SGT Engineering Library | 31/05/2013 | SGTU | 658.404 KOH | FE6097 | 09/02/2015 | 09/02/2015 | Books | ||||||
| Dewey Decimal Classification | SGT Engineering Library | SGT Engineering Library | 31/05/2013 | SGTU | 7 | 658.404 KOH | FE6098 | 03/06/2024 | 09/02/2015 | Books | 03/06/2024 |